Fyziologická úloha povrchovo viazaného Ca2+ vo vláknitých hubách diplomová práca

Salvato in:
Dettagli Bibliografici
Autore principale: Kontár, Szilvia
Natura: Libro
Lingua:slovacco
Pubblicazione: Bratislava FCHPT STU 2016
Accesso online:Visualizza in OPAC
Tags: Aggiungi Tag
Nessun Tag, puoi essere il primo ad aggiungerne!!

MARC

LEADER 00000nam a2200000 a 4500
005 20260127134306.0
008 160617 2016 000 0 slo d
035 |a vtls011560908 
039 9 |a 201606171033  |b mschk03  |c 201606171028  |d mschk03  |y 201606171026  |z mschk03 
040 |a STUSCHK1  |b slo  |c STUSCHK1  |e AACR2 
100 1 |a Kontár, Szilvia 
245 1 |a Fyziologická úloha povrchovo viazaného Ca2+ vo vláknitých hubách  |b diplomová práca  |c Syilvia Kontár 
260 |a Bratislava  |b FCHPT STU  |c 2016 
300 |a 69 s.  |b il.  |c 25 cm 
500 |a Študijný program: biochémia a biomedicínske technológie 
500 |a Študijný odbor: biotechnológie, chémia 
500 |a Školiace pracovisko: Ústav biochémie a mikrobiológie 
500 |a Evid. číslo: FCHPT-104538-43477 
910 |a SCHK95 
999 |c 8957  |d 8957